Shining example of solar energy (Record no. 73628)
[ view plain ]
| 000 -LEADER | |
|---|---|
| fixed length control field | 01047cam a2200217 4500 |
| 001 - CONTROL NUMBER | |
| control field | WB3940-04 |
| 008 - FIXED-LENGTH DATA ELEMENTS--GENERAL INFORMATION | |
| fixed length control field | 031022n2003 000 0 eng u |
| 035 ## - SYSTEM CONTROL NUMBER | |
| System control number | (Sirsi) u123975 |
| 245 ## - TITLE STATEMENT | |
| Title | Shining example of solar energy |
| 260 ## - PUBLICATION, DISTRIBUTION, ETC. | |
| Date of publication, distribution, etc. | 2003 |
| 490 ## - SERIES STATEMENT | |
| Series statement | Scottish Executive News Release |
| Volume/sequential designation | 21 October 2003, (2) |
| 520 ## - SUMMARY, ETC. | |
| Summary, etc. | A scheme by the Royal Society for the Protection of Birds (RSPB) is launched encouraging people to use solar energy. Individuals will be allowed to install the technology by offering a fixed solar power installation price and special loan to finance it. RSPB members are being specially targeted and it is open to members of the public. For the news release: http://www.scotland.gov.uk/pages/news/2003/10/SEel117.aspx |
| 590 ## - LOCAL NOTE (RLIN) | |
| Local note | WB |
| 650 ## - SUBJECT ADDED ENTRY--TOPICAL TERM | |
| Topical term or geographic name entry element | ROYAL SOCIETY FOR THE PROTECTION OF BIRDS |
| 650 ## - SUBJECT ADDED ENTRY--TOPICAL TERM | |
| Topical term or geographic name entry element | SOLAR POWER |
| 650 ## - SUBJECT ADDED ENTRY--TOPICAL TERM | |
| Topical term or geographic name entry element | SOLAR ENERGY |
| 650 ## - SUBJECT ADDED ENTRY--TOPICAL TERM | |
| Topical term or geographic name entry element | RENEWABLE ENERGY |
| 650 ## - SUBJECT ADDED ENTRY--TOPICAL TERM | |
| Topical term or geographic name entry element | ENVIRONMENTAL BENEFITS |
| 690 ## - LOCAL SUBJECT ADDED ENTRY--TOPICAL TERM (OCLC, RLIN) | |
| Topical term or geographic name as entry element | ENVIRONMENTAL AND LAND CONSULTANCY-ENERGY-ENERGY USE-ENERGY EFFICIENCY |
| 942 ## - ADDED ENTRY ELEMENTS (KOHA) | |
| Suppress in OPAC | 0 |
| Withdrawn status | Lost status | Source of classification or shelving scheme | Damaged status | Not for loan | Home library | Current library | Shelving location | Date acquired | Total Checkouts | Full call number | Barcode | Date last seen | Copy number | Price effective from | Koha item type |
|---|---|---|---|---|---|---|---|---|---|---|---|---|---|---|---|
| Dewey Decimal Classification | London | London | News article | 22/10/2003 | WB3940-04 | 123975-1001 | 06/08/2019 | 1 | 06/08/2019 | News article |